LEADER 01007nam0 2200289 450 001 000017508 005 20081110104127.0 010 $a0720430488 010 $a0815729413 010 $a0815729421 100 $a20081014d1971----km-y0itay50------ba 101 0 $aeng 102 $aUS$aNL$aGB 105 $ay-------101yy 200 1 $aTax incentives and capital spending$epapers presented at a conference of experts held on November 3, 1967$fGary Fromm editor 210 $aWashington$aAmsterdam$aLondon$cBrookings Institution North-Holland$dc1971 215 $aXVII, 301 p.$d24 cm 225 2 $aStudies of government finance 410 0$12001$aStudies of government finance 500 10$aTax incentives and capital spending$956742 676 $a336.294$v19$9Tassazione. Incidenza 702 1$aFromm,$bGary$4070 801 0$aIT$bUNIPARTHENOPE$c20081014$gRICA$2UNIMARC 912 $a000017508 951 $a321/69$b5210$cNAVA2 996 $aTax incentives and capital spending$956742 997 $aUNIPARTHENOPE LEADER 00858nam0 2200277 450 001 000013529 005 20180522103946.0 100 $a20080626d1986----km-y0itay50------ba 101 0 $aita 102 $aIT 105 $aac------001yy 200 1 $a<>enigma dei raggi cosmici$fBruno Rossi$ga cura di Ottavia Bassetti 210 $aMilano$cMontedison-Progetto cultura Imago$d1986 215 $a96 p.$cill., 1 ritr.$d21 cm 225 2 $aFrontiere$v1 410 0$12001$aFrontiere 610 1 $aRaggi cosmici 676 $a523.019$v19 676 $a539.7223$v19$9Fisica dei raggi cosmici 700 1$aRossi,$bBruno$f<1905-1993>$01745 702 1$aBassetti,$bOttavia 801 0$aIT$bUNIPARTHENOPE$c20080626$gRICA$2UNIMARC 912 $a000013529 951 $a523.019/100$b27151$cPIST 996 $aEnigma dei raggi cosmici$9115739 997 $aUNIPARTHENOPE